The origins of behavioural public policy (Registro nro. 312701)
[ vista simple ]
| 000 -ENCABEZADO | |
|---|---|
| Número de control [NR] | 01182cam a2200265 i 4500 |
| 001 - NÚMERO DE CONTROL | |
| control field | 19713833 |
| 005 - FECHA Y HORA DE LA ÚLTIMA TRANSACCIÓN | |
| control field | 20190627104144.0 |
| 008 - DE LONGITUD FIJA DE DATOS DE ELEMENTOS - INFORMACIÓN GENERAL | |
| Elementos de longitud fija [NR] | 170616s2017 nyua b 001 0 eng |
| 010 ## - NUMERO DE CONTROL DE LA BIBLIOTECA DEL CONGRESO (LC) [NR] | |
| Número de control LC [NR] | 2017001523 |
| 020 ## - NUMERO INTERNACIONAL NORMALIZADO PARA LIBROS [R] | |
| Número Internacional Normalizado del libro [NR] | 9781316510261 |
| 020 ## - NUMERO INTERNACIONAL NORMALIZADO PARA LIBROS [R] | |
| Número Internacional Normalizado del libro [NR] | 9781316649664 |
| 040 ## - FUENTE DE CATALOGACION [NR] | |
| Agencia de catalogación original [NR] | CO-BoUCM |
| Idioma de catalogación [NR] | spa |
| Quien Cataloga | Saul Niño |
| Quien Clasifica | Saul Niño |
| 041 0# - CODIGO DE IDIOMA [R] | |
| Código de idioma para texto/pista de sonido o título separado [R] | Inglés |
| 100 1# - ASIENTO PRINCIPAL--NOMBRE PERSONAL [NR] | |
| Nombre personal [NR] | Oliver, Adam J. |
| ID Autoridad | 97449 |
| 245 14 - MENCION DE TITULO [NR] | |
| Título [NR] | The origins of behavioural public policy |
| Mención de responsabilidad, etc. [NR] | Adam Oliver, London School of Economics and Political Science |
| 260 ## - PUBLICACION, DISTRIBUCION, ETC. (PIE DE IMPRENTA) [R] | |
| Lugar de publicación, distribución, etc. [R] | New York |
| Nombre del editor, distribuidor, etc. [R] | Cambridge University Press |
| Fecha de publicación, distribución, etc. [R] | 2017 |
| 300 ## - DESCRIPCION FISICA [R] | |
| Extensión [R] | xviii, 195 páginas |
| 505 0# - NOTA DE CONTENIDO CON FORMATO PREESTABLECIDO [R] | |
| Nota de contenido con formato preestablecido [NR] | Preface -- Acknowledgements -- Assuming rationality -- Challenging rationality -- Describing risky behaviours -- About time -- Experiencing and remembering -- Motivational crowding -- Nudges -- Shoves and budges -- Give and take -- Summing up -- Note on references -- Bibliography -- Index. |
| 546 ## - NOTA DE IDIOMA [R] | |
| Nota de idioma [NR] | Texto en inglés |
| 650 #7 - ASIENTO SECUNDARIO DE MATERIA - TERMINO TEMATICO [R] | |
| Término temático o nombre geográfico como elemento de entrada [NR] | Ciencias políticas |
| Subdivisión general [R] | Aspectos psicológicos |
| 9 (RLIN) | 10814 |
| 650 #7 - ASIENTO SECUNDARIO DE MATERIA - TERMINO TEMATICO [R] | |
| Término temático o nombre geográfico como elemento de entrada [NR] | Economía |
| Subdivisión general [R] | Aspectos psicológicos |
| 9 (RLIN) | 31456 |
| 650 #7 - ASIENTO SECUNDARIO DE MATERIA - TERMINO TEMATICO [R] | |
| Término temático o nombre geográfico como elemento de entrada [NR] | Política pública |
| 9 (RLIN) | 22011 |
| 942 ## - ELEMENTOS DE ENTRADA AGREGADOS (KOHA) | |
| Sistema de clasificación | DEWEY |
| Tema principal | Ciencia política |
| Tipo de ítem principal el descrito en 300a | Libro |
| Edición | 1 |
| Clasificación | 320.6 |
| Parte restante de la signatura top. | O484b |
| Fecha de último préstamo | Total préstamos | Signatura topográfica | Código de barras | Última vez visto | Ejemplar | Costo de reposición | Price effective from | Tipo de ítem | Perdido | Sistema de clasificación | Dañado | No prestable | Tipo de ítem específico | Suprimido | Ubicación habitual | Ubicación actual | Localización | Fecha de creación | Proveedor | Forma de adquisición | Costo |
|---|---|---|---|---|---|---|---|---|---|---|---|---|---|---|---|---|---|---|---|---|---|
| 26/02/2020 | 1 | 320.6 O484b | 100162194 | 05/06/2024 | Ej.2 | 94900.00 | 21/06/2019 | Libro | DEWEY | Libro | Bodega | Bodega | 3er piso | 21/06/2019 | 37 | Compra | 94900.00 | ||||
| 320.6 O484b | 100162193 | 03/12/2025 | Ej.1 | 94900.00 | 21/06/2019 | Libro | DEWEY | Libro | Claustro | Claustro | 3er piso | 21/06/2019 | 37 | Compra | 94900.00 |